| 000 | 00000nam 2200000zi 4500 |
| 001 | 9.913313 |
| 003 | CaOODSP |
| 005 | 20250616155154 |
| 006 | m o d f |
| 007 | cr cn||||||||| |
| 008 | 220713t20222022onco ob f000 0 tha d |
| 020 | |a9780660445526 |
| 040 | |aCaOODSP|bfre|erda|cCaOODSP |
| 043 | |an-cn--- |
| 086 | 1 |aFR5-110/2019Tha-PDF |
| 245 | 00|a[Voix à risque] : |b[lignes directrices du Canada pour le soutien des défenseurs des droits de la personne]. |
| 250 | |a[Édition thaï]. |
| 264 | 1|aOttawa, ON : |bGouvernement du Canada = Government of Canada, |c[2022] |
| 264 | 4|c©2022 |
| 300 | |a1 ressource en ligne (49 pages) : |bphotographies |
| 336 | |atexte|btxt|2rdacontent/fre |
| 337 | |ainformatique|bc|2rdamedia/fre |
| 338 | |aressource en ligne|bcr|2rdacarrier/fre |
| 500 | |aPublié par Affaires mondiales Canada. |
| 500 | |aTitre français fourni par l'éditeur. |
| 500 | |aPublié aussi en français sous le titre : Voix à risque : lignes directrices du Canada pour le soutien des défenseurs des droits de la personne. |
| 504 | |aComprend des références bibliographiques. |
| 520 | |a« [Les Canadiens attachent une grande importance aux droits de la personne. Ils s'attendent à ce que leur gouvernement contribue à mieux les faire respecter au Canada et partout dans le monde] » -- [Introduction], page 1. |
| 530 | |aÉgalement publié en version imprimée. |
| 650 | 6|aDroits de l'homme (Droit international)|xPolitique gouvernementale|zCanada. |
| 650 | 6|aDéfenseurs des droits de l'homme|xPolitique gouvernementale|zCanada. |
| 710 | 1 |aCanada. |bAffaires mondiales Canada, |eorganisme de publication. |
| 775 | 08|tVoix à risque : |w(CaOODSP)9.874616 |
| 776 | 0#|tVoix à risque : |w(CaOODSP)9.913317 |
| 791 | |t[Voices at risk] : |eeng|w(CaOODSP)9.913312 |
| 856 | 40|qPDF|s3.29 Mo|uhttps://publications.gc.ca/collections/collection_2023/amc-gac/FR5-110-2019-tha.pdf |